| 000 | 00475nam a2200157Ia 4500 | ||
|---|---|---|---|
| 005 | 20250225150930.0 | ||
| 008 | 231217s9999 xx 000 0 und d | ||
| 020 | _a9780071437646 | ||
| 082 | _a658 GUP;1 R | ||
| 100 | _aGupta, Praveen. | ||
| 245 | 0 | _aSix sigma performance handbook : a statistical guide to optimizing results | |
| 260 |
_c2005 _bMacgraw-hill _aNew Delhi |
||
| 300 | _axxvii, 512 | ||
| 650 | _aSix,sigma,performance,statistical,optimizing | ||
| 942 | _cAA | ||
| 999 |
_c182026 _d182026 |
||